Vegetable research in Southeast Asia Proceedings of the South Asua Vegetable Research Network ( SAVERNET-II) Mid-term review meeting 5 - 9 February 1999, AVRDC, Taiwan

Gespeichert in:
Bibliographische Detailangaben
1. Verfasser: Vegetable research in Southeast Asia
Format: Buch
Sprache:Undetermined
Veröffentlicht: Taiwan AVRDC 2000
Schlagworte:
Tags: Tag hinzufügen
Keine Tags, Fügen Sie den ersten Tag hinzu!
Thư viện lưu trữ: Trung tâm Học liệu Trường Đại học Cần Thơ
LEADER 00677nam a2200205Ia 4500
001 CTU_47852
008 210402s9999 xx 000 0 und d
082 |a 635 
082 |b V422 
100 |a Vegetable research in Southeast Asia 
245 0 |a Vegetable research in Southeast Asia 
245 0 |b Proceedings of the South Asua Vegetable Research Network ( SAVERNET-II) Mid-term review meeting 5 - 9 February 1999, AVRDC, Taiwan 
245 0 |c Edited by S. Shanmugasundaram 
260 |a Taiwan 
260 |b AVRDC 
260 |c 2000 
650 |a vegetables 
650 |z southeast asia 
904 |i Minh, 961127 
980 |a Trung tâm Học liệu Trường Đại học Cần Thơ